Statistics for Harry Potter Top 200 Characters

Click here to take the quiz!

General Stats

  • This quiz has been taken 43,010 times
    (41,120 since last reset)
  • The average score is 112 of 200

Answer Stats

MentionsAnswer% Correct
18956Harry Potter
100%
5486Hermione Granger
97%
6464Ron Weasley
97%
2421Albus Dumbledore
95%
920Fred Weasley
95%
821George Weasley
95%
771Ginny Weasley
95%
780Arthur Weasley
93%
1198Draco Malfoy
93%
722Molly Weasley
93%
1956Severus Snape
93%
1797Voldemort
93%
302Bill Weasley
92%
110Charlie Weasley
92%
190James Potter
92%
127Lily Potter
92%
426Percy Weasley
92%
1471Sirius Black
92%
249Lucius Malfoy
91%
2024Rubeus Hagrid
91%
89Narcissa Malfoy
89%
864Remus Lupin
89%
79Aberforth Dumbledore
88%
810Neville Longbottom
88%
50Ariana Dumbledore
87%
770Minerva McGonagall
86%
356Luna Lovegood
85%
22Kendra Dumbledore
84%
220Bellatrix Lestrange
83%
54Regulus Black
83%
469Dobby
82%
637Dolores Umbridge
81%
583Alastor Moody
80%
467Dudley Dursley
80%
242Nymphadora Tonks
80%
486Peter Pettigrew
80%
314Petunia Dursley
80%
530Vernon Dursley
80%
353Cedric Diggory
79%
228Gregory Goyle
79%
89Phineas Nigellus Black
79%
277Viktor Krum
79%
124Xenophilius Lovegood
78%
27Albus Severus Potter
77%
215Cho Chang
77%
140Filius Flitwick
77%
258Fleur Delacour
77%
39Ted Tonks
77%
224Vincent Crabbe
77%
15Walburga Black
77%
12Augusta Longbottom
76%
204Hedwig
75%
14James Sirius Potter
75%
116Katie Bell
75%
295Barty Crouch Sr
74%
212Dean Thomas
74%
73Majorie Dursley
74%
76Amos Diggory
73%
493Cornelius Fudge
73%
262Gilderoy Lockhart
73%
28Rowena Ravenclaw
72%
70Salazar Slytherin
72%
14Helga Hufflepuff
71%
179Seamus Finnigan
71%
63Godric Gryffindor
70%
36Barty Crouch Jr
69%
15Gabrielle Delacour
69%
432Horace Slughorn
69%
23Padma Patil
69%
133Parvati Patil
69%
141Lavender Brown
68%
208Oliver Wood
68%
90Pomona Sprout
68%
262Sybill Trelawney
68%
18Tom Riddle Sr
68%
288Argus Filch
67%
122Quirinus Quirrell
67%
123Nearly Headless Nick
66%
312Kreacher
65%
162Crookshanks
63%
68Pansy Parkinson
63%
135Angelina Johnson
62%
165Igor Karkaroff
61%
117Garrick Ollivander
60%
106Kingsley Shacklebolt
60%
156Poppy Pomfrey
60%
136Buckbeak
59%
77Colin Creevey
59%
162Winky
59%
112Olympe Maxime
58%
164Peeves
58%
17Dennis Creevey
57%
119Moaning Myrtle
57%
188Rita Skeeter
57%
77Bathilda Bagshot
56%
68Marvolo Gaunt
56%
30Nagini
56%
24Tom
56%
102Fenrir Greyback
55%
75Firenze
55%
32Merope Gaunt
55%
63Morfin Gaunt
55%
49Aragog
54%
24Bloody Baron
54%
109Lee Jordan
54%
53Rolanda Hooch
54%
105Fang
53%
246Ludo Bagman
53%
147Mundungus Fletcher
53%
35Amelia Bones
52%
140Griphook
52%
153Rufus Scrimgeour
52%
16Alecto Carrow
51%
23Amycus Carrow
51%
47Blaise Zabini
51%
73Gellert Grindelwald
51%
48Zacharias Smith
49%
55Arabella Figg
48%
72Fat Lady
48%
75Grawp
48%
59Mrs. Norris
48%
58Alicia Spinnet
47%
73Cormac McLaggen
47%
26Hannah Abbott
47%
27Hepzibah Smith
47%
27Fluffy
46%
60Pigwidgeon
46%
48Cuthbert Binns
45%
92Ernie Macmillan
45%
85Stan Shunpike
45%
62Elphias Doge
43%
64Fawkes
43%
36Norbert
43%
34Antonin Dolohov
41%
26Errol
41%
50Justin Finch-Fletchley
41%
40Marcus Flint
41%
56Yaxley
39%
27Dedalus Diggle
38%
49Madam Rosmerta
38%
17Millicent Bulstrode
38%
18Romilda Vane
38%
30Bane
37%
63Frank Bryce
37%
31Mary Cattermole
37%
23Reg Cattermole
37%
16Hestia Jones
36%
18Trevor
36%
57Wilhelmina Grubbly-Plank
36%
16Mafalda Hopkirk
35%
20Pius Thicknesse
35%
26Michael Corner
34%
49Mykew Gregorovitch
34%
31Nicolas Flamel
34%
14Terry Boot
34%
48Marietta Edgecombe
33%
27Walden Macnair
33%
19Albert Runcorn
32%
68Bob Ogden
32%
19Irma Pince
32%
25Augustus Rookwood
31%
21Armando Dippet
30%
42Bertha Jorkins
30%
13Caractacus Burke
29%
19Hokey
29%
25Madam Malkin
29%
51Mr. Borgin
29%
16Piers Polkiss
29%
23Sir Cadogan
28%
56Aunt Muriel
27%
30Roger Davies
27%
19John Dawlish
26%
23Ronan
26%
13Avery
25%
26Broderick Bode
25%
16Demelza Robins
25%
23Dirk Cresswell
25%
14Marcus Belby
25%
23Sturgis Podmore
25%
12Troy
25%
13Wilkie Twycross
25%
34Ernie Prang
23%
18Magorian
23%
41Travers
23%
18Griselda Marchbanks
22%
13Jimmy Peakes
22%
33Montague
22%
15Bogrod
21%
21Mrs. Cole
21%
13Professor Tofty
21%
17Scabior
21%
17Beedle the Bard
20%
13Hassan Mostafa
20%
20Leanne
20%
16Moran
20%
13Adrian Pucey
19%
16Aidan Lynch
19%
20Mr. Roberts
19%
22Warrington
19%
13Karkus
18%

Score Distribution

Percentile by Number Answered

Percent of People with Each Score

Your Score History

You have not taken this quiz since the last reset